[Event "World Rapid 2025"]
[Site "Doha QAT"]
[Date "2025.12.26"]
[Round "5.91"]
[White "Droin, Augustin"]
[Black "Khubukshanov, Erdem"]
[Result "1-0"]
[WhiteTitle "IM"]
[BlackTitle "IM"]
[WhiteElo "2480"]
[BlackElo "2502"]
[WhiteFideId "45105987"]
[BlackFideId "54114527"]
[EventDate "2025.12.26"]
[EventType "rapid"]

1. e4 e5 2. Nf3 Nc6 3. d4 exd4 4. Nxd4 Qf6 5. Be3 Bc5 6. c3 Nge7 7. g3 O-O 8.
Bg2 Bb6 9. O-O d6 10. Na3 Nxd4 11. Bxd4 Bxd4 12. Qxd4 Qg5 13. f4 Qh5 14. Rf2 a6
15. Nc2 Nc6 16. Qd2 Bh3 17. Bh1 Rfe8 18. Ne3 Rac8 19. f5 Ne5 20. Rf4 Qg5 21. Rh4
Bg4 22. Rf1 Bh5 23. f6 g6 24. Rf2 c6 25. Rhf4 Bg4 26. h4 Qh6 27. Nxg4 Nxg4 28.
Rxg4 Ra8 1-0

[Event "World Rapid 2025"]
[Site "Doha QAT"]
[Date "2025.12.26"]
[Round "5.92"]
[White "Averin, Nikolay"]
[Black "Warmerdam, Max"]
[Result "0-1"]
[WhiteTitle "FM"]
[BlackTitle "GM"]
[WhiteElo "2389"]
[BlackElo "2573"]
[WhiteFideId "24250473"]
[BlackFideId "1048104"]
[EventDate "2025.12.26"]
[EventType "rapid"]

1. e4 c5 2. Nf3 d6 3. d4 cxd4 4. Nxd4 Nf6 5. Nc3 Nc6 6. Bg5 Bd7 7. Qd2 a6 8.
O-O-O e6 9. f4 Be7 10. Nf3 b5 11. Bxf6 gxf6 12. Bd3 Qa5 13. Kb1 h5 14. Rhe1 Rc8
15. Qf2 Nb4 16. a3 Nxd3 17. Rxd3 b4 18. axb4 Qxb4 19. f5 a5 20. Nh4 Rg8 21. fxe6
fxe6 22. Nf5 exf5 23. exf5 Bc6 24. Qe2 Rc7 25. Re3 d5 26. Re6 d4 27. Qxh5+ Kd8
28. Na2 Qc5 29. Rd1 Be4 30. Nc3 Bxf5 31. Rxd4+ Qxd4 32. Qxf5 Rxg2 33. Re1 Rg1
34. Rxg1 Qxg1+ 35. Ka2 Qc5 36. Qh3 Qc4+ 37. Kb1 Rd7 38. Qf3 Ke8 39. Qh5+ Qf7 40.
Qxa5 f5 41. Qe5 Qf6 42. Qf4 Qe6 43. Qg3 Kf7 44. Qf2 Bf6 0-1

[Event "World Rapid 2025"]
[Site "Doha QAT"]
[Date "2025.12.26"]
[Round "5.93"]
[White "Sahidi, Samir"]
[Black "Piliposyan, Robert"]
[Result "1-0"]
[WhiteTitle "IM"]
[BlackTitle "IM"]
[WhiteElo "2516"]
[BlackElo "2442"]
[WhiteFideId "14936372"]
[BlackFideId "13309978"]
[EventDate "2025.12.26"]
[EventType "rapid"]

1. e4 e6 2. d4 d5 3. Nc3 Nf6 4. Bg5 dxe4 5. Nxe4 Be7 6. Bxf6 gxf6 7. Nf3 f5 8.
Nc3 a6 9. g3 b5 10. Bg2 Bb7 11. O-O c5 12. dxc5 Qxd1 13. Rfxd1 Bxc5 14. Ne5 Bxg2
15. Kxg2 Ra7 16. a4 b4 17. Ne2 Nd7 18. Nc4 Rc7 19. a5 Ke7 20. b3 Nf6 21. Nf4 Ne4
22. Nd3 Rb8 23. f3 Nc3 24. Rd2 Nd5 25. Re1 Bd4 26. Rdd1 Bc3 27. Re2 Rd8 28. Rf1
Rb7 29. Nde5 Kf8 30. f4 Nc7 31. g4 Nb5 32. gxf5 exf5 33. Re3 Nd4 34. Rf2 Ne6 35.
Rh3 f6 36. Nd3 Nd4 37. Kf1 Re7 1-0

[Event "World Rapid 2025"]
[Site "Doha QAT"]
[Date "2025.12.26"]
[Round "5.94"]
[White "Kobalia, Mikhail"]
[Black "Tran, Thanh Tu"]
[Result "1-0"]
[WhiteTitle "GM"]
[BlackTitle "IM"]
[WhiteElo "2537"]
[BlackElo "2402"]
[WhiteFideId "4119150"]
[BlackFideId "12401404"]
[EventDate "2025.12.26"]
[EventType "rapid"]

1. e4 Nc6 2. Nf3 d6 3. Bb5 a6 4. Bxc6+ bxc6 5. d4 g6 6. O-O Bg7 7. h3 Nf6 8. e5
Nd5 9. c4 Nb6 10. b3 O-O 11. Nc3 a5 12. a4 Bf5 13. Re1 h6 14. Bf4 Kh7 15. Qe2
Rb8 16. Rad1 Qc8 17. d5 cxd5 18. cxd5 Nd7 19. Nb5 Nc5 20. Qc4 Bd7 21. Nfd4 Bxb5
22. Nxb5 Rb7 23. exd6 cxd6 24. Bxd6 exd6 25. Nxd6 Qb8 26. Qxc5 Rxb3 27. Nb5 Rc8
28. Qe7 Qf4 29. Re4 Qf5 30. d6 Rc2 31. Rf1 Rb1 32. Ree1 Rbb2 33. Qe3 Rd2 34. Rd1
Re2 35. Nd4 Bxd4 36. Qxd4 Qd7 37. Rfe1 Rxe1+ 38. Rxe1 Rb4 39. Qf6 Rb6 40. Re7 1-0

[Event "World Rapid 2025"]
[Site "Doha QAT"]
[Date "2025.12.26"]
[Round "5.95"]
[White "Kuandykuly, Danis"]
[Black "Pantsulaia, Levan"]
[Result "1/2-1/2"]
[WhiteTitle "FM"]
[BlackTitle "GM"]
[WhiteElo "2372"]
[BlackElo "2472"]
[WhiteFideId "13752260"]
[BlackFideId "13602071"]
[EventDate "2025.12.26"]
[EventType "rapid"]

1. e4 c5 2. Nf3 e6 3. d4 cxd4 4. Nxd4 a6 5. a3 Qc7 6. c4 Nf6 7. Nc3 Nxe4 8. Nxe4
Qe5 9. Bd3 Qxd4 10. O-O Nc6 11. Be3 Qxb2 12. c5 f5 13. Rb1 Qxa3 14. Rb3 Qa5 15.
Nd2 Qd8 16. Nc4 Be7 17. Qh5+ g6 18. Qh6 Kf7 19. Rc1 a5 20. Nb6 Ra7 21. Bb5 Qf8
22. Qf4 Qg7 23. Bxc6 bxc6 24. Bd4 Bf6 25. Bxf6 Qxf6 26. Qb8 Rb7 27. Qa8 Qe5 28.
Nc4 Qf4 29. Nd6+ Kg7 30. Re3 Rb2 31. Rf1 Rxf2 32. Rxf2 Qxe3 33. Nxc8 Qc1+ 34.
Rf1 Qxc5+ 35. Kh1 Qf8 36. Qxa5 Qxc8 37. Qe5+ Kf7 38. Rd1 d5 39. Ra1 Rd8 40. h4
Qb8 41. Qe3 f4 42. Ra7+ Kf6 43. Qc3+ e5 44. Qxc6+ Rd6 45. Qa4 h5 46. Ra8 Qb1+
47. Kh2 Qe1 48. Rf8+ Kg7 49. Qe8 Qxh4+ 50. Kg1 Qe1+ 51. Kh2 Qg3+ 52. Kh1 Qe1+
53. Kh2 Qh4+ 54. Kg1 Qe1+ 55. Kh2 1/2-1/2

[Event "World Rapid 2025"]
[Site "Doha QAT"]
[Date "2025.12.26"]
[Round "5.96"]
[White "Urkedal, Frode Olav Olsen"]
[Black "Krallis, Christos"]
[Result "1-0"]
[WhiteTitle "GM"]
[BlackTitle "IM"]
[WhiteElo "2568"]
[BlackElo "2416"]
[WhiteFideId "1506102"]
[BlackFideId "4298896"]
[EventDate "2025.12.26"]
[EventType "rapid"]

1. d4 d5 2. c4 e6 3. Nc3 Nf6 4. cxd5 exd5 5. Bg5 c6 6. e3 h6 7. Bh4 Be7 8. Bd3
O-O 9. Qc2 Re8 10. Nge2 a5 11. O-O Na6 12. a3 Nc7 13. Bg3 Bd6 14. Rad1 Ne6 15.
Na4 Bxg3 16. Nxg3 Ng5 17. Nc5 h5 18. Bf5 b6 19. Bxc8 Qxc8 20. Na4 Rb8 21. Qf5
Nge4 22. Qxc8 Rexc8 23. Nf5 Kf8 24. f3 b5 25. fxe4 bxa4 26. Nd6 Rc7 27. e5 Ne8
28. Nxe8 Kxe8 29. Rd2 Rb3 30. Re1 Ke7 31. Kf2 Ke6 32. Rc1 Kf5 33. Kf3 g5 34. Rf2
c5 35. Rxc5 Rxc5 36. dxc5 d4 37. g4+ Kxe5 38. gxh5 f5 39. h6 g4+ 40. Kg2 dxe3
41. Rc2 f4 42. c6 f3+ 43. Kg3 Rb8 44. c7 Rc8 45. h7 f2 46. Kg2 Rf8 47. h8=Q+
Rxh8 48. c8=Q Rxh2+ 49. Kxh2 f1=Q 50. Qc5+ Ke4 51. Rc4+ Kf3 1-0

[Event "World Rapid 2025"]
[Site "Doha QAT"]
[Date "2025.12.26"]
[Round "5.97"]
[White "Sapenov, Daniyal"]
[Black "Mendonca, Leon Luke"]
[Result "1/2-1/2"]
[WhiteTitle "IM"]
[BlackTitle "GM"]
[WhiteElo "2440"]
[BlackElo "2615"]
[WhiteFideId "13728911"]
[BlackFideId "35028561"]
[EventDate "2025.12.26"]
[EventType "rapid"]

1. e4 c5 2. c3 d5 3. exd5 Qxd5 4. d4 Nf6 5. Nf3 e6 6. Be2 Nc6 7. O-O cxd4 8.
cxd4 Be7 9. Nc3 Qd6 10. Be3 O-O 11. Re1 Rd8 12. a3 b6 13. Qd2 Bb7 14. Bf4 Qd7
15. Rad1 Rac8 16. Bb5 Qe8 17. Qe2 Nd5 18. Nxd5 Rxd5 19. Bc4 Rf5 20. Bg3 Na5 21.
Bd3 Bxf3 22. gxf3 Rd5 23. Be4 Rcd8 24. Bxd5 Rxd5 25. Qa6 Nc6 26. Kg2 h5 27. h4
Qd7 28. Rc1 Bf6 29. Qa4 Nxd4 30. Qxd7 Rxd7 31. Rc8+ Kh7 32. Rd1 Kg6 33. b4 Rd5
34. Rc4 a5 35. bxa5 bxa5 36. a4 e5 37. Rc6 Kf5 38. Rc7 Ke6 39. Rb1 Be7 40. Rbb7
Nf5 41. Rb5 f6 42. Rc6+ Bd6 43. f4 e4 44. Rc4 Rxb5 45. axb5 Kd5 46. Rc8 Bc5 47.
Rb8 Ba7 48. Rb7 Bd4 49. f3 a4 50. fxe4+ Kxe4 51. Bf2 Bxf2 52. Kxf2 Kd5 53. Rc7
a3 54. b6 Nd6 55. Rc1 a2 56. Kf3 Kd4 57. Ke2 Kd5 58. Kd3 Nb7 59. Ra1 Kc6 60.
Rxa2 Nd6 61. Ra7 Nf5 62. b7 Kc7 63. Ke4 g6 64. Kd5 Nxh4 65. Kc5 Nf5 66. Ra6 Kxb7
67. Rxf6 Nh4 68. Kd5 Kc7 69. Ke6 Kc6 70. Kf7+ Kd5 71. Kg7 Ke4 72. Kh6 Kf3 73.
Kg5 Kg3 74. Rf8 Nf3+ 75. Kxg6 h4 76. Kf5 h3 77. Rg8+ Kf2 78. Kg4 h2 79. Rh8 Kg2
80. f5 Ne5+ 81. Kf4 Nf7 82. Rg8+ Kf2 83. Rb8 h1=Q 84. Rb2+ Kg1 85. Rb1+ Kg2 86.
Rxh1 Kxh1 87. f6 Nd8 88. f7 Nxf7 1/2-1/2

[Event "World Rapid 2025"]
[Site "Doha QAT"]
[Date "2025.12.26"]
[Round "5.98"]
[White "Ezat, Mohamed"]
[Black "Zhang, Zhong"]
[Result "1-0"]
[WhiteTitle "IM"]
[BlackTitle "GM"]
[WhiteElo "2294"]
[BlackElo "2561"]
[WhiteFideId "10600906"]
[BlackFideId "8600694"]
[EventDate "2025.12.26"]
[EventType "rapid"]

1. d4 Nf6 2. c4 e6 3. Nc3 d5 4. cxd5 exd5 5. Bg5 c6 6. Qc2 Be7 7. e3 h6 8. Bxf6
Bxf6 9. Bd3 O-O 10. Nge2 Re8 11. O-O a5 12. a3 Be7 13. Rab1 Na6 14. e4 dxe4 15.
Bxe4 Nc7 16. Rfd1 Bd6 17. d5 c5 18. a4 Qf6 19. Ng3 b6 20. Re1 Bd7 21. Rbd1 g6
22. Qb3 Rab8 23. Bf3 Qf4 24. Nce4 Be5 25. Qc2 f5 26. Nc3 Bd6 27. Be2 Re5 28. Nf1
Rbe8 29. g3 Qb4 30. Ne3 Rxe3 31. fxe3 Rxe3 32. Bf1 Rxe1 33. Rxe1 Qd4+ 34. Qf2
Qg7 35. Nb5 Bxb5 36. Bxb5 Qf6 37. Kh1 Kg7 38. Qd2 h5 39. Bc4 Be5 40. Qe3 Bd6 41.
Qc3 Kf7 42. Qxf6+ Kxf6 43. b3 Be5 44. Kg2 Ne8 45. Bd3 Nd6 46. h3 Nf7 47. Be2 Nd6
48. Bd3 Nf7 49. Re2 Nd6 50. Re1 Nf7 51. g4 hxg4 52. hxg4 fxg4 53. Re4 g3 54. Rh4
Kg7 55. Rh1 Bd6 56. Rf1 Ne5 57. Be2 g5 58. Kxg3 Nc4+ 59. Kf2 Nd2 60. Rd1 Bf4 61.
Bc4 Kf6 62. Rh1 g4 63. Ke2 Ne4 64. Rh8 Nd6 65. Rg8 g3 66. Kf3 Be5 67. Bd3 Kf7
68. Rg6 c4 69. bxc4 Nxc4 70. Re6 Nd2+ 71. Kg2 Bf4 72. Bg6+ Kg7 73. d6 Nc4 74. d7
Bg5 75. Bd3 1-0

[Event "World Rapid 2025"]
[Site "Doha QAT"]
[Date "2025.12.26"]
[Round "5.99"]
[White "Drygalov, Sergey"]
[Black "Shogdzhiev, Roman"]
[Result "1/2-1/2"]
[WhiteTitle "GM"]
[BlackTitle "IM"]
[WhiteElo "2571"]
[BlackElo "2403"]
[WhiteFideId "24171743"]
[BlackFideId "55653537"]
[EventDate "2025.12.26"]
[EventType "rapid"]

1. d4 d5 2. c4 c6 3. Nf3 Nf6 4. Nc3 e6 5. Bg5 h6 6. Bh4 Be7 7. e3 O-O 8. Qc2
Nbd7 9. Rd1 b6 10. Be2 Bb7 11. O-O Rc8 12. b3 c5 13. dxc5 Nxc5 14. Nd2 Qe8 15.
Qb2 dxc4 16. Nxc4 Nd5 17. Bxe7 Qxe7 18. Nb5 Ba6 19. Nd4 Na4 20. bxa4 Bxc4 21.
Rc1 Bxe2 22. Nxe2 Qb4 23. Qxb4 Nxb4 24. a3 Nc2 25. Rfd1 Nxa3 26. Rxc8 Rxc8 27.
Rd7 a5 28. Rb7 Rc2 29. Kf1 Nc4 30. h4 Ra2 31. Nd4 Rxa4 32. h5 Rb4 33. Nc6 Rb1+
34. Ke2 a4 35. Ra7 a3 36. Ra8+ Kh7 37. Nd8 g5 38. Ra7 Rb2+ 39. Kf3 Na5 40. Nxe6
Kg8 41. Ra8+ Kh7 42. Ra7 g4+ 43. Kg3 Kg8 44. Ra8+ Kh7 45. Ra7 a2 1/2-1/2

[Event "World Rapid 2025"]
[Site "Doha QAT"]
[Date "2025.12.26"]
[Round "5.100"]
[White "Rodrigue-Lemieux, Shawn"]
[Black "Suleimen, Ergali"]
[Result "1/2-1/2"]
[WhiteTitle "GM"]
[BlackTitle "IM"]
[WhiteElo "2517"]
[BlackElo "2419"]
[WhiteFideId "2620049"]
[BlackFideId "13724452"]
[EventDate "2025.12.26"]
[EventType "rapid"]

1. c4 g6 2. g3 Bg7 3. Bg2 e5 4. Nc3 Nc6 5. e4 d6 6. Nge2 Nge7 7. d3 O-O 8. O-O
Be6 9. Be3 Nd4 10. Qd2 Qd7 11. f4 c6 12. Rae1 f5 13. Kh1 Rae8 14. fxe5 dxe5 15.
exf5 Nexf5 16. Bg1 Bh6 17. Qd1 Ne3 18. Bxe3 Bxe3 19. Nxd4 exd4 20. Ne4 Qe7 21.
a3 Kg7 22. b4 h5 23. Qa1 Rxf1+ 24. Bxf1 Kh6 25. Bg2 h4 26. Rxe3 dxe3 27. Qe1 Bf5
28. Qxe3+ Kg7 29. gxh4 Bxe4 30. Bxe4 Qxh4 31. Qxa7 Qe1+ 32. Kg2 Qe2+ 33. Kg3
Qe1+ 34. Kg2 Qe2+ 35. Kg3 Qe1+ 1/2-1/2

[Event "World Rapid 2025"]
[Site "Doha QAT"]
[Date "2025.12.26"]
[Round "5.101"]
[White "Mamedov, Edgar"]
[Black "Stefansson, Vignir Vatnar"]
[Result "1/2-1/2"]
[WhiteTitle "GM"]
[BlackTitle "GM"]
[WhiteElo "2492"]
[BlackElo "2519"]
[WhiteFideId "13739980"]
[BlackFideId "2308649"]
[EventDate "2025.12.26"]
[EventType "rapid"]

1. d4 d5 2. c4 e6 3. Nf3 Nf6 4. Nc3 a6 5. cxd5 exd5 6. Bg5 Be6 7. e3 Nbd7 8. Bd3
Bd6 9. O-O c6 10. h3 h6 11. Bh4 Qc7 12. Qe1 O-O 13. Nd2 Be7 14. f4 Nb6 15. Nf3
Ne8 16. f5 Bc8 17. Ne5 Bxh4 18. Qxh4 Nf6 19. g4 Nbd7 20. Nf3 Re8 21. Rae1 Nf8
22. Kh1 N8h7 23. g5 hxg5 24. Nxg5 Nxg5 25. Qxg5 Nh7 26. Qg2 Qd6 27. Rg1 Qh6 28.
e4 dxe4 29. Rxe4 Rxe4 30. Bxe4 Bd7 31. d5 Re8 32. dxc6 bxc6 33. Qg3 Nf6 34. Bf3
Bxf5 35. h4 Re3 36. Kg2 Ne4 37. Qb8+ Kh7 38. Qe5 Nd6 39. Qg3 Be4 40. Nxe4 Nxe4
41. Qg4 Nd6 42. Rd1 Qf6 43. Rd2 g6 44. h5 Re5 45. hxg6+ Kg7 46. Kh1 fxg6 47. Rg2
Re1+ 48. Rg1 Rxg1+ 49. Kxg1 Qxb2 50. Qd7+ Nf7 51. Qxc6 Ne5 52. Qb7+ Qxb7 53.
Bxb7 a5 54. Kf2 Kf6 55. Ke3 Ke6 56. Bc8+ Kd5 57. Kf4 Nc4 58. Kg5 Kc5 59. Kxg6 a4
60. Be6 Kd4 61. Kf5 Ne3+ 62. Kf4 a3 63. Bg8 Nc2 64. Kf3 Kc3 65. Ke2 Kb2 66. Kd2
Nb4 67. Bc4 Nxa2 68. Bxa2 Kxa2 69. Kc2 Ka1 70. Kc1 a2 1/2-1/2

[Event "World Rapid 2025"]
[Site "Doha QAT"]
[Date "2025.12.26"]
[Round "5.102"]
[White "Harikrishnan, A. Ra"]
[Black "Tsaruk, Maksim"]
[Result "0-1"]
[WhiteTitle "GM"]
[BlackTitle "GM"]
[WhiteElo "2531"]
[BlackElo "2515"]
[WhiteFideId "5081483"]
[BlackFideId "13511173"]
[EventDate "2025.12.26"]
[EventType "rapid"]

1. Nf3 d5 2. g3 Nc6 3. d4 Bf5 4. Bg2 Nb4 5. Na3 e6 6. O-O Be7 7. c3 Nc6 8. Nc2
h6 9. Nce1 Nf6 10. Nd3 O-O 11. Qb3 Qc8 12. Bf4 Ne4 13. Rac1 Bd6 14. Rfd1 Na5 15.
Qa4 Nc4 16. Bxd6 cxd6 17. b3 Nb6 18. Qa3 Nxc3 19. Rxc3 Qxc3 20. Rc1 Nc4 21. Qa4
Qa5 22. Rxc4 Qxa4 23. Rxa4 Bxd3 24. exd3 a5 25. b4 b5 26. Ra3 axb4 27. Rb3 Ra4
28. Bf1 Rc8 29. Rb2 Rc1 0-1

[Event "World Rapid 2025"]
[Site "Doha QAT"]
[Date "2025.12.26"]
[Round "5.103"]
[White "Suleymenov, Alisher"]
[Black "Sharan, Rao"]
[Result "1-0"]
[WhiteTitle "GM"]
[BlackTitle "IM"]
[WhiteElo "2505"]
[BlackElo "2341"]
[WhiteFideId "13707833"]
[BlackFideId "5073464"]
[EventDate "2025.12.26"]
[EventType "rapid"]

1. d4 Nf6 2. c4 e6 3. Nc3 Bb4 4. a3 Bxc3+ 5. bxc3 O-O 6. f3 Nc6 7. e4 d6 8. Ne2
e5 9. Ng3 h6 10. Be3 b6 11. Bd3 Ba6 12. O-O Na5 13. Qe2 c5 14. Nf5 Bc8 15. Nxh6+
gxh6 16. Bxh6 Nh7 17. f4 Qh4 18. Bxf8 Nxf8 19. fxe5 dxe5 20. Qf3 Qh7 21. Ra2
cxd4 22. cxd4 Nc6 23. d5 Nd4 24. Qg3+ Ng6 25. Raf2 Bd7 26. Rf5 Re8 27. Rg5 Kg7
28. Qf2 Kh6 29. h4 Qg7 30. Qe3 Kh7 31. h5 Re7 32. Rxf7 Rxf7 33. hxg6+ Kh8 34.
gxf7 Qxf7 35. Qg3 1-0

[Event "World Rapid 2025"]
[Site "Doha QAT"]
[Date "2025.12.26"]
[Round "5.104"]
[White "Murzin, Volodar"]
[Black "Harshavardhan, G B"]
[Result "1-0"]
[WhiteTitle "GM"]
[BlackTitle "IM"]
[WhiteElo "2648"]
[BlackElo "2477"]
[WhiteFideId "44155573"]
[BlackFideId "25059009"]
[EventDate "2025.12.26"]
[EventType "rapid"]

1. Nf3 c5 2. g3 Nc6 3. Bg2 g6 4. O-O Bg7 5. e4 e5 6. c3 Nge7 7. a3 d6 8. b4 O-O
9. d3 b6 10. Nbd2 h6 11. Nc4 Be6 12. b5 Nb8 13. a4 a6 14. Bb2 Qc7 15. Ne3 Nd7
16. Nd2 axb5 17. axb5 Rxa1 18. Qxa1 f5 19. Qa4 f4 20. Nd5 Nxd5 21. exd5 Bf5 22.
Ne4 Nf6 23. Ra1 Qd7 24. c4 fxg3 25. hxg3 Nxe4 26. dxe4 Bg4 27. Qa7 Qd8 28. Bc1
h5 29. Be3 h4 30. gxh4 Qxh4 31. Qc7 Qf6 32. Ra7 Be2 33. Qxb6 Bf3 34. Bh3 g5 35.
Qc7 g4 36. Bf1 Bxe4 37. Qe7 Qg6 38. Qe6+ Kh7 39. Qxg6+ Kxg6 40. Rd7 Ra8 41.
Rxd6+ Kf5 42. Ra6 Rh8 43. Bg2 Bd3 44. d6 Bxc4 45. Bc6 e4 46. d7 Bf6 47. Ra4 Bd3
48. b6 Ke6 49. b7 Be5 50. Ra8 Bb8 51. Bg5 e3 52. d8=Q Rxd8 53. Bxd8 e2 54. Ba5 1-0

[Event "World Rapid 2025"]
[Site "Doha QAT"]
[Date "2025.12.26"]
[Round "5.105"]
[White "Najer, Evgeniy"]
[Black "George Samir, David"]
[Result "1-0"]
[WhiteTitle "GM"]
[BlackTitle "IM"]
[WhiteElo "2619"]
[BlackElo "2343"]
[WhiteFideId "4118987"]
[BlackFideId "10657789"]
[EventDate "2025.12.26"]
[EventType "rapid"]

1. e4 c5 2. Nf3 d6 3. d4 cxd4 4. Nxd4 Nf6 5. Nc3 a6 6. Be2 e5 7. Nb3 Be7 8. Be3
Be6 9. Nd5 Nbd7 10. Qd3 Bxd5 11. exd5 O-O 12. g4 e4 13. Qd2 Ne5 14. g5 Nfg4 15.
h4 f5 16. Nd4 Qb6 17. Nxf5 Nxe3 18. Nxe7+ Kf7 19. Qxe3 Qxe3 20. fxe3 Kxe7 21.
Rd1 Rac8 22. c3 Rc5 23. Rd4 a5 24. Rf1 Rxf1+ 25. Kxf1 Kf7 26. Kf2 Kg6 27. Rxe4
Rxd5 28. Rd4 Rxd4 29. cxd4 Nd7 30. Bf3 b6 31. Be4+ Kh5 32. Kg3 h6 33. Bf5 Nf8
34. g6 d5 35. a4 b5 36. axb5 a4 37. b6 a3 38. bxa3 Nh7 39. gxh7 1-0

[Event "World Rapid 2025"]
[Site "Doha QAT"]
[Date "2025.12.26"]
[Round "5.106"]
[White "Fandi, Mazen"]
[Black "Yilmaz, Mustafa"]
[Result "1-0"]
[WhiteTitle "FM"]
[BlackTitle "GM"]
[WhiteElo "2304"]
[BlackElo "2595"]
[WhiteFideId "7611625"]
[BlackFideId "6302718"]
[EventDate "2025.12.26"]
[EventType "rapid"]

1. e4 c5 2. Nf3 d6 3. d4 cxd4 4. Nxd4 Nf6 5. Nc3 a6 6. f3 e5 7. Nb3 Be6 8. Be3
h5 9. Qd2 Nbd7 10. Nd5 Bxd5 11. exd5 g6 12. a4 Qc7 13. Na5 Bg7 14. Nc4 O-O 15.
a5 e4 16. O-O-O Rfe8 17. Kb1 exf3 18. gxf3 Ne5 19. Nxe5 Rxe5 20. c4 Rxe3 21.
Qxe3 Qxa5 22. Bd3 Nd7 23. Rhg1 Ne5 24. f4 Ng4 25. Qd2 Qb6 26. Rde1 Bd4 27. Rg2
Be3 28. Qc2 Qb4 29. Ree2 Bd4 30. Bxg6 Kf8 31. Bxh5 Ne3 32. Qh7 1-0

[Event "World Rapid 2025"]
[Site "Doha QAT"]
[Date "2025.12.26"]
[Round "5.107"]
[White "Musovic, Armin"]
[Black "Yakubboev, Nodirbek"]
[Result "0-1"]
[WhiteTitle "FM"]
[BlackTitle "GM"]
[WhiteElo "2190"]
[BlackElo "2691"]
[WhiteFideId "939935"]
[BlackFideId "14203987"]
[EventDate "2025.12.26"]
[EventType "rapid"]

1. a3 Nf6 2. Nc3 d5 3. d3 d4 4. Ne4 Nc6 5. Nf3 Nd5 6. c4 dxc3 7. Nxc3 g6 8. e4
Nxc3 9. bxc3 Bg7 10. d4 O-O 11. Bb5 Na5 12. O-O c5 13. h3 a6 14. Ba4 b5 15. Bc2
Bb7 16. Rb1 Nc4 17. Bd3 Nb6 18. Bg5 h6 19. Be3 Na4 20. Qd2 Qa5 21. c4 Qxd2 22.
Bxd2 cxd4 23. cxb5 axb5 24. Rb4 Nc5 25. Bxb5 e5 26. Bc4 Bxe4 27. Rb5 Rfc8 28.
Re1 Bxf3 29. gxf3 Rxa3 30. Rc1 Bf8 31. Bb4 Nd3 32. Bxf7+ Kxf7 33. Rb7+ Kf6 34.
Rxc8 Bxb4 35. Rc6+ Kg5 36. Rbb6 Ra1+ 37. Kh2 Bd2 38. Rxg6+ Kh5 39. h4 Bf4+ 40.
Kh3 Nxf2+ 41. Kg2 Ra2 42. Rgd6 Ng4+ 0-1

[Event "World Rapid 2025"]
[Site "Doha QAT"]
[Date "2025.12.26"]
[Round "5.108"]
[White "Abdilkhair, Abilmansur"]
[Black "Nguyen, Ngoc Truong Son"]
[Result "0-1"]
[WhiteTitle "IM"]
[BlackTitle "GM"]
[WhiteElo "2378"]
[BlackElo "2600"]
[WhiteFideId "13716417"]
[BlackFideId "12401110"]
[EventDate "2025.12.26"]
[EventType "rapid"]

1. e4 e5 2. Nf3 Nc6 3. d4 exd4 4. Nxd4 Qf6 5. Nb5 Bc5 6. Qe2 Bb6 7. N1c3 Nge7 8.
Be3 Ba5 9. O-O-O O-O 10. Nd5 Nxd5 11. exd5 Ne5 12. f4 Ng6 13. g3 d6 14. h4 Re8
15. h5 Nf8 16. h6 Bb6 17. Bd4 Bxd4 18. Qxe8 Bxb2+ 19. Kd2 a6 20. hxg7 Kxg7 21.
Bd3 axb5 22. Rh4 Ng6 23. Rdh1 Qc3+ 24. Ke3 Qd4+ 25. Kf3 Bg4+ 26. Kxg4 Rxe8 27.
Rxh7+ Kf8 28. R1h5 Ne5+ 29. Kh3 Nxd3 30. Rf5 Nf2+ 31. Kh4 Qf6+ 32. Rg5 Re1 33.
g4 Qxf4 34. Rxf7+ Kxf7 35. Rf5+ Bf6+ 36. Rxf6+ Kxf6 37. Kh5 Qg5# 0-1

[Event "World Rapid 2025"]
[Site "Doha QAT"]
[Date "2025.12.26"]
[Round "5.109"]
[White "Anand, Tsogtbileg"]
[Black "Bai, Adelard"]
[Result "0-1"]
[WhiteTitle "CM"]
[BlackTitle "IM"]
[WhiteElo "1968"]
[BlackElo "2417"]
[WhiteFideId "4926552"]
[BlackFideId "16301188"]
[EventDate "2025.12.26"]
[EventType "rapid"]

1. d4 Nf6 2. c4 e6 3. g3 Bb4+ 4. Nd2 c5 5. Nf3 cxd4 6. Nxd4 e5 7. Nc2 Bc5 8. Bg2
h5 9. b4 Be7 10. h4 d5 11. Bb2 d4 12. Nf3 Ng4 13. O-O Bf5 14. Qd2 Nd7 15. Nfe1
Qc7 16. f3 Ngf6 17. e3 Nb6 18. Na3 O-O 19. c5 Na4 20. e4 Be6 21. Nd3 a5 22. Nb5
Qc6 23. Nd6 Bxd6 24. cxd6 Nxb2 25. Qxb2 Qxd6 26. Rfc1 axb4 27. f4 Ng4 28. f5 Bd7
29. Rc5 Ra3 30. Rd5 Qh6 31. Nf2 Bc6 32. Nxg4 hxg4 33. Rxe5 Qd6 34. Rd5 Bxd5 35.
exd5 Rxg3 36. Qxd4 Re8 37. Kf2 Rxg2+ 38. Kxg2 Re2+ 39. Kf1 Qh2 40. Qg1 Qe5 41.
Qxg4 Re4 42. Qh3 Qxa1+ 0-1

[Event "World Rapid 2025"]
[Site "Doha QAT"]
[Date "2025.12.26"]
[Round "5.110"]
[White "Ohanyan, Emin"]
[Black "Fates, Omer Salah"]
[Result "1-0"]
[WhiteTitle "GM"]
[WhiteElo "2493"]
[BlackElo "2079"]
[WhiteFideId "13312022"]
[BlackFideId "9212035"]
[EventDate "2025.12.26"]
[EventType "rapid"]

1. d4 d5 2. c4 c6 3. Nf3 Nf6 4. Nc3 e6 5. e3 Bd6 6. Bd3 Nbd7 7. O-O O-O 8. e4
dxe4 9. Nxe4 Nxe4 10. Bxe4 Nf6 11. Bc2 Qc7 12. Bg5 Be7 13. Qd3 g6 14. Qc3 Nh5
15. Bxe7 Qxe7 16. Qe3 Rd8 17. Rad1 b6 18. Ne5 Bb7 19. Be4 Rac8 20. c5 Nf6 21.
Bf3 Nd5 22. Qc1 bxc5 23. dxc5 Qc7 24. Rfe1 Rb8 25. h4 Ne7 26. Ng4 h5 27. Nf6+
Kg7 28. Qc3 Kf8 29. Rd6 Nd5 30. Nxd5 cxd5 31. Qh8+ Ke7 32. Rexe6+ fxe6 33. Qg7+ 1-0

[Event "World Rapid 2025"]
[Site "Doha QAT"]
[Date "2025.12.26"]
[Round "5.111"]
[White "Grafl, Florian"]
[Black "Ashwath Kaushik"]
[Result "1-0"]
[WhiteTitle "IM"]
[BlackTitle "FM"]
[WhiteElo "2343"]
[BlackElo "2345"]
[WhiteFideId "4645715"]
[BlackFideId "33387230"]
[EventDate "2025.12.26"]
[EventType "rapid"]

1. e4 c5 2. Nc3 Nc6 3. f4 d6 4. Nf3 g6 5. Bb5 Bg7 6. Bxc6+ bxc6 7. O-O e6 8. d3
Ne7 9. Qe1 d5 10. e5 Ba6 11. Na4 c4 12. Nc5 Qb6 13. Be3 Nf5 14. Bf2 d4 15. Nxd4
Nxd4 16. Bxd4 Bf8 17. Qf2 Rd8 18. Be3 Qa5 19. dxc4 Be7 20. Nxa6 Qxa6 21. b3 Rd7
22. Rfd1 Rc7 23. Bc5 O-O 24. a4 Qa5 25. Bd6 Bxd6 26. exd6 Rd7 27. c5 Rb8 28. Rd3
Rb5 29. axb5 Qxa1+ 30. Qf1 Qa5 31. Rd1 cxb5 32. Qf2 Qc3 33. h3 a5 34. Rd3 Qa1+
35. Kh2 a4 36. bxa4 bxa4 37. c6 a3 38. cxd7 a2 39. d8=Q+ Kg7 40. Qa5 Qb2 41.
Qd4+ 1-0